[Event "HUN-chT2 Charousek 1011"]
[Site "Hungary"]
[Date "2010.11.07"]
[Round "5"]
[White "Nagy, Aron"]
[Black "Bakos, Zsolt"]
[Result "1-0"]
[WhiteElo "1967"]
[BlackElo "1943"]
[PlyCount "59"]
[EventDate "2010.09.12"]
[EventType "team-tourn"]
[EventRounds "11"]
[EventCountry "HUN"]
[SourceTitle "EXT 2012"]
[Source "ChessBase"]
[SourceDate "2011.11.24"]
[SourceVersion "1"]
[SourceVersionDate "2011.11.24"]
[SourceQuality "1"]
[WhiteTeam "Husi"]
[BlackTeam "Haladas II"]
[WhiteTeamCountry "HUN"]
[BlackTeamCountry "HUN"]

1. Nf3 d5 2. d4 Nf6 3. c4 e6 4. g3 Be7 5. Bg2 0-0 6. 0-0 dxc4 7. Qc2 a6 8. a4 c6 9. Qxc4 Nbd7 10. Nc3 Qc7 11. e4 e5 12. d5 Nb6 13. Qe2 cxd5 14. a5 dxe4 15. Nxe5 Qxe5 16. axb6 Bc5 17. Bf4 Qe6 18. Nxe4 Nxe4 19. Qxe4 Qxb6 20. Rac1 Bd6 21. Bxd6 Qxd6 22. Rfd1 Qf6 23. Qd4 Qg6 24. Qe5 Qb6 25. Rd6 Qb4 26. Rc7 Qa4 27. h4 Qb3 28. Bd5 Qd1+ 29. Kg2 Qa4 30. Rxf7 1-0